[Event "CXSP"]
[Site "Sao Paulo BRA"]
[Date "2004.01.12"]
[Round "7"]
[White "Tsuboi,E"]
[Black "De Souza,M"]
[Result "1/2-1/2"]
[WhiteElo "2344"]
[BlackElo "2362"]

1.e4 e5 2.Nf3 Nc6 3.Bb5 a6 4.Ba4 Nf6 5.O-O Be7 6.Re1 b5 7.Bb3 d6 8.c3 O-O
9.h3 Nb8 10.d3 Nbd7 11.Nbd2 Bb7 12.Nf1 Nc5 13.Bc2 Re8 14.Ng3 g6 15.d4 Ncd7
16.a4 c5 17.Bg5 Bf8 18.Qd2 Qb6 19.b3 exd4 20.cxd4 cxd4 21.a5 Qa7 22.Rad1 Rac8
23.Nxd4 Qc5 24.b4 Qc3 25.Qf4 Qxb4 26.Bb3 Bg7 27.Bh6 Re5 28.Re3 Rc3 29.Bxg7 Rxe3
30.Bxf6 Rxb3 31.Nxb3 Nxf6 32.Qxf6 Qxb3 33.Rxd6 Re8 34.Rd7 Ba8 35.Nf5 gxf5
36.Qg5+  1/2-1/2

[Event "1st WinTV Open"]
[Site "Chennai IND"]
[Date "2004.01.31"]
[Round "12"]
[White "Visweswaran,K"]
[Black "Koshy,V"]
[Result "0-1"]
[WhiteElo "2325"]
[BlackElo "2374"]

1.e4 e5 2.Nf3 Nc6 3.Bb5 a6 4.Ba4 Nf6 5.O-O Be7 6.Re1 b5 7.Bb3 d6 8.c3 O-O
9.h3 Nb8 10.d4 Nbd7 11.Nbd2 Bb7 12.Bc2 Re8 13.Nf1 Bf8 14.Ng3 g6 15.b3 c5
16.d5 a5 17.a3 Nb6 18.Be3 Nfd7 19.Nd2 b4 20.cxb4 axb4 21.a4 Ba6 22.Qb1 Be7
23.Bd3 Bg5 24.a5 Bxe3 25.Rxe3 Nc8 26.Bxa6 Rxa6 27.Nc4 Na7 28.Qd3 Nb8 29.Ne2 Nb5
30.Nxe5 Rxa5 31.Rxa5 Qxa5 32.Nc4 Qa1+ 33.Kh2 Na3 34.f4 Nxc4 35.Qxc4 Qa6 36.Qc1 Nd7
37.Ng3 Nb6 38.f5 Nd7 39.Rf3 Ne5 40.Rf1 Qa7 41.Qh6 Qe7 42.f6 Qf8 43.Qg5 h6
44.Qd2 Kh7 45.Ne2 Ra8 46.Nf4 Ra3 47.Qd1 Qe8 48.h4 Qd7 49.h5 g5 50.Nd3 Ng4+
51.Kg1 Ne3 52.Qf3 Nxf1 53.Kxf1 Rxb3  0-1

[Event "9th HIT Open"]
[Site "Nova Gorica SLO"]
[Date "2004.02.04"]
[Round "8"]
[White "Beletic,D"]
[Black "Djingarova,E"]
[Result "1/2-1/2"]
[WhiteElo "2144"]
[BlackElo "2344"]

1.e4 e5 2.Nf3 Nc6 3.Bb5 a6 4.Ba4 Nf6 5.O-O Be7 6.Re1 b5 7.Bb3 d6 8.c3 O-O
9.h3 Nb8 10.d4 Nbd7 11.Nbd2 Bb7 12.Bc2 c5 13.d5 c4 14.Nf1 Qc7 15.Ng3 Rfb8
16.Bg5 Bf8 17.Nh2 a5 18.a3 Ba6 19.Bd2 Nc5 20.Qf3 Bc8 21.Nf5 Bxf5 22.Qxf5 Qd7
23.Qf3 Nb3 24.Bxb3 cxb3 25.Nf1 Ne8 26.Qd1 a4 27.g4 Be7 28.Kg2 g6 29.Ng3 Ng7
30.Bh6 Rf8 31.Qd3 Kh8 32.Rf1 Rg8 33.f4 f5 34.exf5 gxf5 35.Bxg7+ Rxg7 36.Nxf5 Rg6
37.Ng3 Rag8 38.f5 Rh6 39.Ne4 Bg5 40.Qg3 Qe7 41.Rad1 Bf6 42.Kf3 Rh4 43.Rh1 Bg5
44.Ke2 Rh6 45.Qf2 Bf4 46.Qb6 Qd7 47.Qc6 Qa7 48.Rd3 Qb8 49.f6 Rxg4 50.hxg4 Rxh1
51.f7 Rh2+ 52.Kf1 Rh1+ 53.Kg2 Rh2+ 54.Kf1 Rh1+ 55.Kg2 Rh2+  1/2-1/2

[Event "X Open"]
[Site "Coria del Rio ESP"]
[Date "2004.02.15"]
[Round "5"]
[White "Del Rio Angelis,S"]
[Black "Campora,D"]
[Result "1/2-1/2"]
[WhiteElo "2504"]
[BlackElo "2503"]

1.e4 e5 2.Nf3 Nc6 3.Bb5 a6 4.Ba4 Nf6 5.O-O Be7 6.Re1 b5 7.Bb3 O-O 8.c3 d6
9.h3 Nb8 10.d4 Nbd7 11.Nbd2 Bb7 12.Bc2 Re8 13.Nf1 Bf8 14.Ng3 g6 15.b3 Bg7
16.d5 Qb8 17.c4 c6 18.Be3 bxc4 19.bxc4 Qc7 20.Rb1 Rab8 21.Ba4  1/2-1/2

[Event "5th Montenegro Open"]
[Site "Sozina SCG"]
[Date "2004.02.21"]
[Round "4"]
[White "Lupulescu,C"]
[Black "Nikcevic,N"]
[Result "1/2-1/2"]
[WhiteElo "2543"]
[BlackElo "2455"]

1.e4 e5 2.Nf3 Nc6 3.Bb5 a6 4.Ba4 Nf6 5.O-O Be7 6.Re1 b5 7.Bb3 d6 8.c3 O-O
9.h3 Nb8 10.d4 Nbd7 11.Nbd2 Bb7 12.Bc2 Re8 13.Nf1 Bf8 14.Ng3 g6 15.Bg5 h6
16.Bd2 Bg7 17.Qc1 Kh7 18.b3 d5 19.Nxe5 Nxe5 20.dxe5 Nxe4 21.Nxe4 dxe4 22.Bxe4 Bxe4
23.Rxe4  1/2-1/2

[Event "53rd ch-BUL w"]
[Site "Sofia BUL"]
[Date "2004.02.23"]
[Round "7"]
[White "Gocheva,R"]
[Black "Georgieva,Li"]
[Result "1-0"]
[WhiteElo "2219"]
[BlackElo "2245"]

1.e4 e5 2.Nf3 Nc6 3.Bb5 a6 4.Ba4 Nf6 5.O-O Be7 6.Re1 b5 7.Bb3 d6 8.c3 O-O
9.h3 Nb8 10.d4 Nbd7 11.Nbd2 Bb7 12.Bc2 Re8 13.Nf1 Bf8 14.Ng3 g6 15.a4 c5
16.d5 c4 17.Bg5 h6 18.Be3 Nc5 19.Qd2 Kh7 20.Nh2 Nxa4 21.Bxa4 bxa4 22.Rxa4 Qc7
23.f3 Nd7 24.Qe2 Rec8 25.Rf1 a5 26.Kh1 Nc5 27.Bxc5 Qxc5 28.f4 Rc7 29.Ng4 Bg7
30.fxe5 Bxe5 31.Nxe5 dxe5 32.Rf6 Kg7 33.Qf1 Ba6 34.Ra1 Qe3 35.Rxa5 Bb7 36.Rxa8 Bxa8
37.Ra6 Qg5 38.Kh2 Bb7 39.Rb6 h5 40.Qf3 h4 41.Nf1 f5 42.exf5 gxf5 43.Ne3 Qg3+
44.Kg1 Qe1+ 45.Nf1 Rf7 46.Qh5 Qc1 47.Rg6+ Kf8 48.Qh8+ Ke7 49.Qxe5+ Kd8 50.Rg8+  1-0

[Event "70th ch-BLR"]
[Site "Minsk BLR"]
[Date "2004.03.10"]
[Round "7"]
[White "Azarov,S"]
[Black "Kolesnik,E"]
[Result "1/2-1/2"]
[WhiteElo "2551"]
[BlackElo "2406"]

1.e4 e5 2.Nf3 Nc6 3.Bb5 a6 4.Ba4 Nf6 5.O-O Be7 6.Re1 b5 7.Bb3 O-O 8.c3 d6
9.h3 Nb8 10.d4 Nbd7 11.Nbd2 Bb7 12.Bc2 Re8 13.b3 d5 14.exd5 Nxd5 15.dxe5 Nxc3
16.Bxh7+ Kxh7 17.Qc2+ Kg8 18.Qxc3 Nc5 19.Ba3 Qd5 20.Red1 Qd3 21.Qc1 Ne6 22.Bxe7 Rxe7
23.Nf1 Qf5 24.Ng3 Qf4 25.Ne2 Qf5 26.Qe3 Rae8 27.Ng3 Qf4 28.Rac1  1/2-1/2

[Event "50th Mexican Open Ch"]
[Site "Leon MEX"]
[Date "2004.04.08"]
[Round "4"]
[White "Miranda Ponce,A"]
[Black "Norgaard,J"]
[Result "1/2-1/2"]
[WhiteElo "2223"]
[BlackElo "2406"]

1.e4 e5 2.Nf3 Nc6 3.Bb5 a6 4.Ba4 Nf6 5.O-O Be7 6.Re1 b5 7.Bb3 d6 8.c3 O-O
9.h3 Nb8 10.d4 Nbd7 11.Nbd2 Bb7 12.Bc2 Re8 13.Nf1 Bf8 14.Ng3 g6 15.Nh2 c5
16.d5 h5 17.Bg5 Be7 18.h4 Nh7 19.Bxe7 Qxe7 20.Nf3 Ndf8 21.Qd2 Bc8 22.Nf1 Bg4
23.N1h2 Bxf3 24.Nxf3 c4 25.g3 Nd7 26.Rf1 Nc5 27.Rae1 Qf6 28.Ng5 Qe7 29.f4 exf4
30.gxf4 Nxg5 31.hxg5 Rad8 32.Rf2 Qd7 33.f5 Re5 34.fxg6 fxg6 35.b4 cxb3 36.axb3 Qe7
37.Rf6 Nd7 38.Rxg6+ Kf7 39.Re6 Rxe6 40.Rf1+ Kg7 41.dxe6 Qxe6 42.Rf5 Ne5 43.Bd1 a5
44.Qd4 Rf8 45.Rxf8 Kxf8 46.Bxh5 Qe7 47.Qd2 Kg7 48.Qf4 a4 49.bxa4 bxa4 50.Bd1 a3
51.Bb3 Nf7 52.Qf6+ Qxf6 53.gxf6+ Kxf6 54.Kf2 Ng5 55.Ke3 Ke5 56.Kd3 Nxe4 57.Kc4 Kf4
58.Kb4 Ke3 59.c4 Kd3 60.Kxa3 Kc3 61.Ba2 Nd2 62.c5 dxc5 63.Bg8 Ne4 64.Ka4 Nf6
65.Be6 Kd4 66.Kb3 Nd5 67.Kc2 c4 68.Bxd5 Kxd5 69.Kc3 Kc5 70.Kc2 Kd4 71.Kd2 c3+
72.Kc2 Kc4 73.Kc1 Kb3 74.Kb1 Kb4 75.Kc1 Kc4 76.Kc2 Kd4 77.Kc1 Kd3 78.Kd1 c2+
79.Kc1 Kc3  1/2-1/2

[Event "6th Open"]
[Site "Dubai UAE"]
[Date "2004.04.21"]
[Round "3"]
[White "Ulibin,M"]
[Black "Shetty,R"]
[Result "1-0"]
[WhiteElo "2579"]
[BlackElo "2367"]

1.e4 e5 2.Nf3 Nc6 3.Bb5 a6 4.Ba4 Nf6 5.O-O Be7 6.Re1 b5 7.Bb3 d6 8.c3 O-O
9.h3 Nb8 10.d4 Nbd7 11.Nbd2 Bb7 12.Bc2 Re8 13.Nf1 Bf8 14.Ng3 g6 15.a4 Bg7
16.Bg5 Qe7 17.Bd3 c6 18.Qc2 Nf8 19.Rad1 Ne6 20.Bc1 Qc7 21.Bf1 Rad8 22.b4 Rc8
23.Be3 Nd7 24.Qd2 bxa4 25.Bh6 d5 26.Bxg7 Kxg7 27.dxe5 Nxe5 28.Nxe5 Qxe5 29.exd5 Qxd5
30.Qb2 Qb3 31.Qa1 c5 32.c4+ Kg8 33.Re3 cxb4 34.Rxb3 axb3 35.Qa4 Rb8 36.Qxb3 a5
37.Qa4 Ra8 38.Qb5 Reb8 39.Qe5 Rc8 40.f4 b3 41.f5 Nc5 42.h4 Ra6 43.h5 g5 44.f6 h6
45.Qxc5  1-0

[Event "Corsica Hotels Masters"]
[Site "Bastia FRA"]
[Date "2004.05.01"]
[Round "8"]
[White "Moingt,JC"]
[Black "Trabert,B"]
[Result "1/2-1/2"]
[WhiteElo "2296"]
[BlackElo "2277"]

1.e4 e5 2.Nf3 Nc6 3.Bb5 a6 4.Ba4 Nf6 5.O-O Be7 6.Re1 b5 7.Bb3 d6 8.c3 O-O
9.h3 Nb8 10.d4 Nbd7 11.Nbd2 Bb7 12.Bc2 Re8 13.Nf1 Bf8 14.Ng3 g6 15.b3 c6
16.Bb2 Qc7 17.Qd2 Bg7 18.Nh2 h5 19.Rad1 Rad8 20.Bc1 d5 21.exd5 Nxd5 22.Qg5 c5
23.dxe5 Nxe5 24.f4 Bf6 25.Qh6 Bg7 26.Qg5 Bf6 27.Qh6  1/2-1/2

[Event "VI Comunic CXSP"]
[Site "Sao Paulo BRA"]
[Date "2004.06.19"]
[Round "5"]
[White "Fernandez,D"]
[Black "Aranha Filho,A"]
[Result "1-0"]
[WhiteElo "2317"]
[BlackElo "2287"]

1.e4 e5 2.Nf3 Nc6 3.Bb5 a6 4.Ba4 Nf6 5.O-O Be7 6.Re1 b5 7.Bb3 d6 8.c3 O-O
9.h3 Nb8 10.d4 Nbd7 11.Nbd2 Bb7 12.Bc2 c5 13.d5 g6 14.c4 b4 15.Nf1 Nh5 16.Bh6 Ng7
17.g4 Nf6 18.Ng3 Kh8 19.Kh2 Ng8 20.Qd2 Bf6 21.Kg2 Bc8 22.Rh1 Be7 23.Rag1 f6
24.Kf1 Rf7 25.Be3 Bf8 26.Nh2 f5 27.exf5 gxf5 28.gxf5 Nxf5 29.Ne4 Be7 30.Ke2 Nd4+
31.Bxd4 exd4 32.Nf3 Bf5 33.Nfg5 Bxg5 34.Nxg5 Qe7+ 35.Kd1 Bxc2+ 36.Kxc2 Rf5
37.Ne6 Qf6 38.f4 Ne7 39.Rg4 Ng6 40.Rhg1 Ne5 41.fxe5 dxe5 42.R1g2 a5 43.Qe1 Rf1
44.Qg3 Qf5+ 45.Kd2 Rd1+ 46.Kxd1 Qb1+ 47.Ke2 Qc2+ 48.Kf1 Qd1+ 49.Kf2  1-0

[Event "VI Comunic CXSP"]
[Site "Sao Paulo BRA"]
[Date "2004.06.20"]
[Round "7"]
[White "Marrero,Y"]
[Black "Aranha Filho,A"]
[Result "1/2-1/2"]
[WhiteElo "2271"]
[BlackElo "2287"]

1.e4 e5 2.Nf3 Nc6 3.Bb5 a6 4.Ba4 Nf6 5.O-O Be7 6.Re1 b5 7.Bb3 d6 8.c3 O-O
9.h3 Nb8 10.d4 Nbd7 11.Nbd2 Bb7 12.Bc2 c5 13.b3 Re8 14.d5 g6 15.g4 h5 16.Nh2 hxg4
17.hxg4 Nh7 18.Re3 Bg5 19.Rg3 Bf4 20.Rg2 Ng5 21.Nhf3 Nh3+ 22.Kf1 Kg7 23.Ng1 Nxg1
24.Rxg1 Qh4 25.Nf3 Qh3+ 26.Ke2 Rh8 27.Bxf4 exf4 28.Qd2 Rae8  1/2-1/2

[Event "TCh-GRE"]
[Site "Aghia Pelagia GRE"]
[Date "2004.07.06"]
[Round "3"]
[White "Vouldis,A"]
[Black "Gavrilakis,N"]
[Result "0-1"]
[WhiteElo "2539"]
[BlackElo "2402"]

1.e4 e5 2.Nf3 Nc6 3.Bb5 a6 4.Ba4 Nf6 5.O-O Be7 6.Re1 b5 7.Bb3 d6 8.c3 O-O
9.h3 Nb8 10.d4 Nbd7 11.Nbd2 Bb7 12.Bc2 c5 13.d5 c4 14.Nf1 Nc5 15.Ng3 g6 16.Be3 Rc8
17.a4 Nfd7 18.Qd2 Bf6 19.Nh2 Bg7 20.Rf1 bxa4 21.Bxa4 Nxa4 22.Rxa4 f5 23.Rb4 f4
24.Rxb7 fxe3 25.Qxe3 Nc5 26.Rb4 Rb8 27.Qe2 Rxb4 28.cxb4 Nd3 29.b3 Qb6 30.bxc4 Nxb4
31.Qg4 Nd3 32.Nf3 Nc5 33.h4 Rf4 34.Qc8+ Rf8 35.Qg4 Rf4 36.Qh3 h5 37.Ng5 Rg4
38.Ne6 Nxe6 39.dxe6 Bf6 40.Ne2 Bxh4 41.Nc3 Qd4 42.Nd5 Qxe4 43.e7 Kf7 44.f3 Qd4+
45.Kh1 Qd3 46.Ne3 Rd4 47.f4 Bxe7 48.fxe5+ Kg7 49.Qf3 Kh6 50.Nd5 Rh4+ 51.Kg1 Qd4+
52.Rf2 Qxe5 53.Nxe7 Qxe7 54.g3 Rxc4 55.Re2 Qa7+ 56.Kg2 Rc8 57.Qf4+ Kh7 58.Qf6 Qb7+
59.Kh2 Rc7 60.Qxd6 Rf7 61.Qd4 Qf3 62.Qe5 a5 63.Rb2 a4 64.Ra2 Qf1 65.Qc3  0-1

[Event "Valoz Cup"]
[Site "Olomouc CZE"]
[Date "2004.07.07"]
[Round "5"]
[White "Priborsky,I"]
[Black "Kim,Se"]
[Result "0-1"]
[WhiteElo "2205"]
[BlackElo "2298"]

1.e4 e5 2.Nf3 Nc6 3.Bb5 a6 4.Ba4 Nf6 5.O-O Be7 6.Re1 b5 7.Bb3 O-O 8.h3 d6
9.c3 Nb8 10.d4 Nbd7 11.Nbd2 Bb7 12.Bc2 Re8 13.Nf1 Bf8 14.Ng3 g6 15.b3 Qb8
16.d5 c6 17.c4 Rc8 18.Bg5 cxd5 19.cxd5 h6 20.Be3 Kh7 21.Qd2 Qc7 22.Rac1 Qc3
23.Bb1 Qxd2 24.Nxd2 Rxc1 25.Rxc1 Rc8 26.Rxc8 Bxc8 27.b4 Be7 28.Nb3 Bd8 29.Na5 Bb6
30.Nf1 Nh5 31.g3 Kg7 32.Bc2 Bxe3 33.Nxe3 Nb6 34.Kg2 Kf8 35.Bd1 Ng7 36.h4 f5
37.Bc2 Ke7 38.f3 Kf6 39.g4 Bd7 40.Kf2 fxe4 41.fxe4 Ke7 42.Kf3 Ne8 43.Nc6+ Kf6
44.Nb8 Nc7 45.a4 Be8 46.a5 Na4 47.Nd1 Ke7 48.Ke3 Kd8 49.Kd2 Kc8 50.Nc6 Bxc6
51.dxc6 Ne6 52.Bxa4 bxa4 53.Kc2 Nd4+ 54.Kb2 Nb5 55.Ne3 Kc7 56.Nd5+ Kxc6 57.Ne7+ Kd7
58.Nxg6 Ke6 59.h5 Kf6 60.Nf8 Kg5 61.Nd7 Kxg4 62.Nb8 Kxh5 63.Nxa6 Kg4 64.Nc7 Nxc7
65.Ka3 Kf4 66.Kxa4 Kxe4 67.b5 Kd5 68.Kb4 h5 69.a6 Nxa6+  0-1

[Event "Glassy Stream Open"]
[Site "Kharkov UKR"]
[Date "2004.07.12"]
[Round "5"]
[White "Golinka,O"]
[Black "Tarlev,K"]
[Result "1/2-1/2"]
[WhiteElo "2287"]
[BlackElo "2363"]

1.e4 Nc6 2.Nf3 e5 3.Bb5 a6 4.Ba4 Nf6 5.O-O Be7 6.Re1 b5 7.Bb3 d6 8.c3 O-O
9.h3 Nb8 10.d4 Nbd7 11.Bg5 Bb7 12.Nbd2 c5 13.Bc2 h6 14.Bh4 Re8 15.Nf1 Nh7
16.Bxe7 Qxe7 17.dxc5 Nxc5 18.Qd2 Rad8 19.Rad1 Nf6 20.Ng3 Qf8 21.Nh2 d5 22.Ng4 Nfxe4
23.Nxe4 dxe4 24.Qe3 Rxd1 25.Rxd1 f5 26.b4 Nd3 27.Bxd3 exd3 28.Nxe5 f4 29.Qd4 Rd8
30.Qb6 Be4 31.Qe6+ Kh7 32.Nd7 Qe8 33.Qxe8 Rxe8 34.Nc5 Bf5 35.Nxd3 Rd8 36.Nb2 Rc8
37.Rc1 Re8 38.Kf1 f3 39.g4 Re2 40.gxf5 Rxb2 41.Kg1 Rxa2  1/2-1/2

[Event "Glassy Stream Open"]
[Site "Kharkov UKR"]
[Date "2004.07.17"]
[Round "9"]
[White "Zhornik,N"]
[Black "Tarlev,K"]
[Result "1-0"]
[WhiteElo "2280"]
[BlackElo "2363"]

1.e4 e5 2.Nf3 Nc6 3.Bb5 a6 4.Ba4 Nf6 5.O-O Be7 6.Re1 b5 7.Bb3 d6 8.c3 O-O
9.h3 Nb8 10.d4 Nbd7 11.Nbd2 Bb7 12.Bc2 Re8 13.Nf1 Bf8 14.Ng3 g6 15.a4 Bg7
16.d5 Qb8 17.b4 c6 18.dxc6 Bxc6 19.axb5 axb5 20.Rxa8 Bxa8 21.Bb3 Nb6 22.Bg5 h6
23.Bxf6 Bxf6 24.h4 h5 25.Qd3 Bc6 26.Ng5 Bxg5 27.hxg5 Qc7 28.Nf1 Rd8 29.Ne3 Qb7
30.Rd1 Bxe4 31.Qxb5 Bc6 32.Qd3 Be4 33.Qb5 Bc6 34.Qd3 Kg7 35.c4 Na8 36.c5 d5
37.Nc4 Qxb4 38.Nxe5 Be8 39.Qf3  1-0

[Event "JunCh-USA"]
[Site "Lindsborg USA"]
[Date "2004.07.23"]
[Round "6"]
[White "Friedel,J"]
[Black "Schneider,Dm"]
[Result "1-0"]
[WhiteElo "2433"]
[BlackElo "2454"]

1.e4 e5 2.Nf3 Nc6 3.Bb5 a6 4.Ba4 Nf6 5.O-O Be7 6.Re1 b5 7.Bb3 d6 8.c3 O-O
9.h3 Nb8 10.d4 Nbd7 11.Nbd2 Bb7 12.Bc2 Re8 13.Nf1 Bf8 14.Ng3 g6 15.b3 Bg7
16.d5 Nb6 17.Rb1 c6 18.c4 Qc7 19.Bd3 Nbd7 20.Bf1 bxc4 21.bxc4 a5 22.Be3 Ba6
23.Qa4 cxd5 24.cxd5 Bxf1 25.Rec1 Nc5 26.Bxc5 dxc5 27.Nxf1 Bh6 28.Rc4 Rec8
29.N1d2 Nd7 30.Rc2 Nb6 31.Qb5 Nd7 32.Qb7 Qd8 33.Rd1 Rab8 34.Qa6 c4 35.Nxc4 Ra8
36.Qc6 Nf6 37.Qa4 Nxe4 38.Nfxe5 Ra6 39.Nxf7 Kxf7 40.Ne5+ Kg8 41.Rxc8 Qxc8
42.Qxe4 Qd8 43.Nc4 Rf6 44.d6 Bf8 45.d7  1-0

[Event "Open"]
[Site "Balatonlelle HUN"]
[Date "2004.07.24"]
[Round "6"]
[White "Varadi,V"]
[Black "Gyimesi,Z"]
[Result "0-1"]
[WhiteElo "2415"]
[BlackElo "2618"]

1.e4 e5 2.Nf3 Nc6 3.Bb5 a6 4.Ba4 Nf6 5.O-O Be7 6.Re1 b5 7.Bb3 d6 8.c3 O-O
9.h3 Nb8 10.d4 Nbd7 11.Nbd2 Bb7 12.Bc2 c5 13.Nf1 Re8 14.Ng3 cxd4 15.cxd4 exd4
16.Nxd4 d5 17.exd5 Bxd5 18.Bg5 Qb6 19.Ndf5 Bb4 20.Bd2 Rxe1+ 21.Bxe1 Bxe1
22.Qxe1 Re8 23.Qd2 Be6 24.Re1 Bxf5 25.Rxe8+ Nxe8 26.Nxf5 Ndf6 27.Qd4 Qe6
28.Qc5 Qxa2 29.Ne7+ Kh8 30.Nf5 Qxb2 31.Qf8+ Ng8 32.Qxe8 Qxc2 33.Qxf7 Qc1+
34.Kh2 Qg5 35.h4 Qf6 36.Qd7 g6 37.Nd6 Qxh4+ 38.Kg1 Qe7 39.Qc6 Qe1+ 40.Kh2 Qxf2
41.Qxa6 Qh4+ 42.Kg1 Qd4+ 43.Kh1 b4 44.Nc4 Qd1+ 45.Kh2 Qh5+ 46.Kg1 Qc5+ 47.Kh1 Kg7
48.Nd6 Ne7 49.Qa1+ Qc3 50.Qf1 Nf5 51.Nxf5+ gxf5 52.Qxf5 Qe1+ 53.Kh2 Qh4+
54.Kg1 Qd4+ 55.Kh1 h6 56.Qe6 h5 57.Kh2 Qf4+ 58.Kh1 Qf1+ 59.Kh2 Qb5 60.Qe7+ Kg6
61.Qe6+ Kg5 62.Qe3+ Kf5 63.Qf3+ Ke6 64.Qb3+ Kd6 65.Kh1 Qf1+ 66.Kh2 Qf4+ 67.Kh1 Qh4+
68.Kg1 Qd4+ 69.Kh1 Qa1+ 70.Kh2 Qc3 71.Qd1+ Ke6 72.Kh1 b3 73.Qe2+ Kd6 74.Qa6+ Kc5
75.Qa7+ Kb4 76.Qb6+ Ka3 77.Qa6+ Kb2 78.Qe2+ Ka1 79.Qf1+ Ka2 80.Qa6+ Kb1 81.Qg6+ Kc1
82.Qg5+ Kc2 83.Qf5+ Kd2 84.Qf4+ Qe3 85.Qd6+ Ke1 86.Qb4+ Kd1 87.Qa4 Qc3 88.Kh2 Qe5+
89.Kh1 Qd5 90.Kh2 Kc2 91.Kh1 Kc3 92.Qa3 Kc2 93.Qa4 Kb1 94.Qa6 b2 95.Qe2 Kc1
96.Qe3+ Kd1 97.Qg1+ Ke2 98.Qb6 Qd1+ 99.Kh2 b1=Q  0-1

[Event "3rd Asean GM"]
[Site "Bangkok THA"]
[Date "2004.07.31"]
[Round "2"]
[White "Nguyen Anh Dung"]
[Black "Zaw Win Lay"]
[Result "1-0"]
[WhiteElo "2561"]
[BlackElo "2532"]

1.e4 e5 2.Nf3 Nc6 3.Bb5 a6 4.Ba4 Nf6 5.O-O Be7 6.Re1 b5 7.Bb3 d6 8.c3 O-O
9.h3 Nb8 10.d4 Nbd7 11.Nbd2 Bb7 12.Bc2 c5 13.Nf1 Re8 14.Ng3 g6 15.b4 cxd4
16.cxd4 exd4 17.Bb2 Rc8 18.Bb3 Ne5 19.Qxd4 Bf8 20.Rad1 h6 21.Nxe5 dxe5 22.Qxd8 Rexd8
23.Rxd8 Rxd8 24.Bxe5 Ne8 25.Bc3 Rc8 26.Re3 Nd6 27.f3 Nc4 28.Rd3 Bc6 29.Ne2 Nb6
30.Nf4 Nc4 31.Kf2 Be7 32.Ke2 Kf8 33.Be1 Ke8 34.Nd5 Bxd5 35.Rxd5 f6 36.f4 Rc6
37.a4 Nb6 38.axb5 Nxd5 39.bxc6 Nxf4+ 40.Kf1 Nd3 41.b5 axb5 42.Ba5 Nc5 43.Bf7+ Kxf7
44.c7 Nb7 45.Bb4 Bxb4 46.c8=Q  1-0

[Event "Politiken Cup"]
[Site "Copenhagen DEN"]
[Date "2004.08.01"]
[Round "10"]
[White "Dannevig,O"]
[Black "Sammalvuo,N"]
[Result "1-0"]
[WhiteElo "2363"]
[BlackElo "2268"]

1.e4 e5 2.Nf3 Nc6 3.Bb5 a6 4.Ba4 Nf6 5.O-O Be7 6.Re1 b5 7.Bb3 d6 8.c3 O-O
9.h3 Nb8 10.d4 Nbd7 11.Nbd2 Bb7 12.Bc2 Re8 13.a4 Bf8 14.Bd3 c6 15.b3 g6 16.Bb2 Bg7
17.Qc2 Qc7 18.c4 bxa4 19.c5 d5 20.dxe5 axb3 21.Nxb3 Nxe4 22.Bxe4 dxe4 23.Rxe4 a5
24.e6 fxe6 25.Bxg7 Kxg7 26.Qc3+ e5 27.Nxa5 Ba6 28.Nb3 Kf8 29.Rae1 Bb5 30.Nxe5 Nxe5
31.Rxe5 Rxe5 32.Rxe5 Kg8 33.f4 Qf7 34.Qe3 Rf8 35.f5 gxf5 36.Nd4 f4 37.Rg5+ Kh8
38.Qc3 f3 39.Nxb5+ Qf6 40.Rf5 Qxc3 41.Rxf8+ Kg7 42.Nxc3  1-0

[Event "XI Summer Open"]
[Site "Nice FRA"]
[Date "2004.08.05"]
[Round "5"]
[White "Walinga,E"]
[Black "Bujisho,B"]
[Result "0-1"]
[WhiteElo "2055"]
[BlackElo "2394"]

1.e4 e5 2.Nf3 Nc6 3.Bb5 a6 4.Ba4 Nf6 5.O-O Be7 6.Re1 b5 7.Bb3 d6 8.c3 O-O
9.h3 Nb8 10.d4 Nbd7 11.Nbd2 Bb7 12.Bc2 Re8 13.b3 Bf8 14.d5 c6 15.c4 Qc7 16.Nf1 Rec8
17.Re2 bxc4 18.bxc4 Nc5 19.Ng3 g6 20.Be3 Nfd7 21.Qd2 a5 22.Rc1 Ba6 23.Bb1 Rab8
24.Qc2 Rb4 25.Nd2 Rcb8 26.Ree1 Bg7 27.Qd1 cxd5 28.exd5 Rf8 29.Kh1 f5 30.f4 Rbb8
31.Nf3 Rbe8 32.Ne2 Bc8 33.Nc3 Ba6 34.Nb5 Qb8 35.a4 Bxb5 36.cxb5 exf4 37.Bxf4 Ne4
38.Qb3 Ndc5 39.Qa3 Qd8 40.Be3 f4 41.Bd4 Ng3+ 42.Kh2 Bxd4 43.Nxd4 Re3 44.Rxe3 fxe3
45.Rxc5 dxc5 46.Ne6 Qd6 47.Nxf8 Ne2+ 48.Kh1 Qg3  0-1

[Event "14th Open"]
[Site "Abu Dhabi UAE"]
[Date "2004.08.20"]
[Round "6"]
[White "Ramesh,R"]
[Black "Harikrishna,P"]
[Result "1/2-1/2"]
[WhiteElo "2484"]
[BlackElo "2609"]

1.e4 e5 2.Nf3 Nc6 3.Bb5 a6 4.Ba4 Nf6 5.O-O Be7 6.Re1 b5 7.Bb3 O-O 8.h3 d6
9.c3 Nb8 10.d4 Nbd7 11.Nbd2 Bb7 12.Bc2 Re8 13.a4 Bf8 14.Bd3 c6 15.b3 g6 16.Bb2 Bg7
17.Qc2 Nh5 18.b4 Nf4 19.Bf1 exd4 20.cxd4 d5 21.e5 Nb6 22.axb5 cxb5 23.Nb3 Nc4
24.Nc5 Bc8 25.Bc3 Ne6 26.Rad1 Ra7 27.Bxc4 bxc4 28.Ra1 Nf4 29.b5 Nd3 30.Nxd3 Bf5
31.Rxa6 cxd3 32.Qa4 Rb7 33.Ra7 Qb8 34.Rxb7 Qxb7 35.b6 Rb8 36.Rb1 d2 37.Rb2 Ra8
38.Qd1 Ra6 39.Nxd2 Rxb6 40.Rxb6 Qxb6 41.Qa4 Qd8 42.Nb3 Bh6 43.Bd2 Bxd2 44.Nxd2 Bxh3
45.gxh3 Qg5+ 46.Kf1 Qxd2 47.Qa8+ Kg7 48.Qxd5 Qc1+ 49.Ke2 Qc2+ 50.Kf3 Qf5+
51.Kg2 Qg5+  1/2-1/2

[Event "Knjaz Milos Jezero Open"]
[Site "Belgrade SCG"]
[Date "2004.08.20"]
[Round "4"]
[White "Lovric,R"]
[Black "Stankovic,Br"]
[Result "0-1"]
[WhiteElo "2090"]
[BlackElo "2230"]

1.e4 e5 2.Nf3 Nc6 3.Bb5 a6 4.Ba4 Nf6 5.O-O Be7 6.Re1 b5 7.Bb3 d6 8.c3 O-O
9.h3 Nb8 10.d4 Nbd7 11.Nbd2 Bb7 12.Bc2 Re8 13.Nf1 Bf8 14.Ng3 g6 15.a4 Bg7
16.d5 Qc8 17.b3 c6 18.c4 cxd5 19.cxd5 Nc5 20.a5 Re7 21.b4 Ncd7 22.Bd3 Qf8
23.Bd2 Rc8 24.Rc1 Ree8 25.Rxc8 Rxc8 26.Qe2 Bh6 27.Be3 Rc7 28.Nf1 Nh5 29.g3 Bc8
30.Kh2 Bxe3 31.Nxe3 Ndf6 32.Qd2 Qh6 33.Nf1 Nf4 34.h4 Ng4+ 35.Kg1 Nh3+ 36.Kg2 Qxd2
37.N1xd2 Nhxf2 38.Bb1 f5 39.Re2 Nd1 40.Ng5 Rc1 41.exf5 gxf5 42.Ne6 Nc3 43.Bxf5 Nxe2
44.Bxg4 Nc3  0-1

[Event "Open"]
[Site "Pune IND"]
[Date "2004.09.07"]
[Round "5"]
[White "Thipsay,P"]
[Black "Prasad,D"]
[Result "1/2-1/2"]
[WhiteElo "2469"]
[BlackElo "2381"]

1.e4 e5 2.Nf3 Nc6 3.Bb5 a6 4.Ba4 Nf6 5.O-O Be7 6.Re1 b5 7.Bb3 d6 8.c3 O-O
9.h3 Nb8 10.d4 Nbd7 11.Nbd2 Bb7 12.Bc2 Re8 13.b4 Bf8 14.Bb2 Nb6 15.a3 Nfd7
16.Rc1 c5 17.Ra1 Bc8  1/2-1/2

[Event "8th WUCC"]
[Site "Instanbul TUR"]
[Date "2004.09.10"]
[Round "8"]
[White "Aroshidze,L"]
[Black "Smirnov,P"]
[Result "1/2-1/2"]
[WhiteElo "2401"]
[BlackElo "2620"]

1.e4 e5 2.Nf3 Nc6 3.Bb5 a6 4.Ba4 Nf6 5.O-O Be7 6.Re1 b5 7.Bb3 O-O 8.c3 d6
9.h3 Nb8 10.d4 Nbd7 11.Nbd2 Bb7 12.Bc2 Re8 13.Nf1 Bf8 14.Ng3 g6 15.b3 Bg7
16.d5 Qe7 17.c4 c6 18.Be3 Rec8 19.Rc1 bxc4 20.bxc4 Nc5 21.Bxc5 dxc5 22.Ba4 cxd5
23.cxd5 Ne8 24.Bxe8 Qxe8  1/2-1/2

[Event "HUN-GER Match"]
[Site "Budapest HUN"]
[Date "2004.09.16"]
[Round "1"]
[White "Lutz,C"]
[Black "Gyimesi,Z"]
[Result "1-0"]
[WhiteElo "2596"]
[BlackElo "2618"]

1.e4 e5 2.Nf3 Nc6 3.Bb5 a6 4.Ba4 Nf6 5.O-O Be7 6.Re1 b5 7.Bb3 d6 8.c3 O-O
9.h3 Nb8 10.d4 Nbd7 11.Nbd2 Bb7 12.Bc2 Re8 13.Nf1 Bf8 14.Ng3 g6 15.b3 Bg7
16.d5 Qe7 17.c4 c6 18.Bg5 bxc4 19.bxc4 Nc5 20.Nd2 Qc7 21.Nb3 Nfd7 22.Rc1 Nxb3
23.axb3 a5 24.Qd2 Rec8 25.h4 cxd5 26.exd5 a4 27.bxa4 Nb6 28.h5 Nxc4 29.Qd3 Qc5
30.Nf5 Bf8 31.hxg6 fxg6 32.Bb3 gxf5 33.Rxc4 Ba6 34.Qg3 Qa7 35.Rc6 Qg7 36.Qh4 Bb7
37.Re3 f4 38.Rh3 Rab8 39.Bf6 Qg6 40.Bc2 e4 41.Qxf4 Bxc6 42.dxc6 Kf7 43.Bh4+ Ke8
44.Bxe4 Qf7 45.Re3 Be7 46.Bf5  1-0

[Event "GM Classic"]
[Site "Gausdal NOR"]
[Date "2004.09.24"]
[Round "2"]
[White "Smeets,J"]
[Black "Tallaksen,G"]
[Result "1/2-1/2"]
[WhiteElo "2545"]
[BlackElo "2350"]

1.e4 e5 2.Nf3 Nc6 3.Bb5 a6 4.Ba4 Nf6 5.O-O Be7 6.Re1 b5 7.Bb3 d6 8.c3 O-O
9.h3 Nb8 10.d4 Nbd7 11.Nbd2 Bb7 12.Bc2 Re8 13.a4 Bf8 14.Bd3 c6 15.b3 Qc7
16.Bb2 Rad8 17.Qc2 g6 18.c4 b4 19.c5 exd4 20.cxd6 Bxd6 21.Bxd4 c5 22.Rac1 Ne5
23.Nxe5 Bxe5 24.Bxe5 Qxe5 25.Re3 Nd7 26.Nc4 Qc7 27.Qe2 f6 28.h4 Kg7 29.h5 Ne5
30.Nxe5 Rxe5 31.hxg6 hxg6 32.Rg3 Rh8 33.f4 Reh5 34.Qg4 R8h6 35.e5 Bc8 36.e6 Bxe6
37.Qxe6 Rh1+ 38.Kf2 Qxf4+ 39.Rf3 Qd4+ 40.Ke2 Rxc1 41.Qe7+ Kg8 42.Qe6+ Kg7
43.Qe7+ Kg8 44.Qe8+ Kg7 45.Qe7+  1/2-1/2

[Event "Monarch Assurance"]
[Site "Port Erin IOM"]
[Date "2004.09.30"]
[Round "6"]
[White "Kotronias,V"]
[Black "Schneider,Dm"]
[Result "1/2-1/2"]
[WhiteElo "2608"]
[BlackElo "2454"]

1.e4 e5 2.Nf3 Nc6 3.Bb5 a6 4.Ba4 Nf6 5.O-O Be7 6.Re1 b5 7.Bb3 d6 8.c3 O-O
9.h3 Nb8 10.d4 Nbd7 11.Nbd2 Bb7 12.Bc2 Re8 13.Nf1 Bf8 14.Ng3 g6 15.a4 c5
16.d5 c4 17.Bg5 h6 18.Be3 Nc5 19.Qd2 h5 20.Bg5 Be7 21.Bh6 Bf8 22.Bxf8 Rxf8
23.Nh2 Nfd7 24.Rf1 Qh4 25.Qe3 Qf4 26.Qxf4 exf4 27.Ne2 Rfe8 28.f3 Nb6 29.axb5 Nxd5
30.bxa6 Bxa6 31.Ba4 Nxa4 32.Rxa4 Nb6 33.Ra5 d5 34.Rfa1 Bb7 35.Rxa8 Rxa8 36.Rxa8+ Bxa8
37.e5 Nd7 38.Nxf4 Nxe5 39.Nf1 Nd7 40.Kf2 h4 41.Ke3 g5 42.Ne2 f5 43.Kd4 f4
44.Nd2 Bb7 45.Nc1 Kf7 46.b3 cxb3 47.Ncxb3 Ke6 48.Na5 Ba6 49.Nc6 Be2 50.Nd8+ Ke7
51.Nb7 Ke6 52.Nd8+ Ke7 53.Nb7 Ke6  1/2-1/2